Southville International School and Colleges
Your cart is empty.
  • Cart
  • Lists
    Public lists Eva Luna New books Lux_list list_1
    Your lists Log in to create your own lists
  • Log in to your account
  • Your cookies
  • Search history
Southville International School and Colleges
  • Advanced search
  • Recent comments
  • Most popular
  • Libraries

Log in to your account

Log in with GOOGLE


If you do not have an external account, but do have a local account, you can still log in:

  1. Home
  2. MARC view: Out of the blue :
Normal view MARC view ISBD view

Out of the blue : (Record no. 368654)

[ view plain ]
MARC details
000 -LEADER
fixed length control field 01191nam a22003017a 4500
003 - CONTROL NUMBER IDENTIFIER
control field 0
005 - DATE AND TIME OF LATEST TRANSACTION
control field 20251114134100.0
008 - FIXED-LENGTH DATA ELEMENTS--GENERAL INFORMATION
fixed length control field 251114b xxu||||| |||| 00| 0 eng d
020 ## - INTERNATIONAL STANDARD BOOK NUMBER
International Standard Book Number 978-621-8287-05-1
050 ## - LIBRARY OF CONGRESS CALL NUMBER
Classification number CT 788
Item number .M57 O98 2024
100 ## - MAIN ENTRY--PERSONAL NAME
Personal name Cabochan, Jun Villacorta,
Relator term author.
245 ## - TITLE STATEMENT
Title Out of the blue :
Remainder of title life stories from the Ateneo High School class of 1974 /
Statement of responsibility, etc compiled and edited by Rhona Lopa-Macasaet & Paolo R. Reyes.
260 ## - PUBLICATION, DISTRIBUTION, ETC. (IMPRINT)
Place of publication, distribution, etc Muntinlupa :
Name of publisher, distributor, etc Chamber Shell Publishing Inc.,
Date of publication, distribution, etc 2024.
300 ## - PHYSICAL DESCRIPTION
Extent 321 pages :
Other physical details illustrations ;
Dimensions 23 cm.
520 ## - SUMMARY, ETC.
Summary, etc A collection of personal stories and recollections from the Ateneo High School Class of 1974, chronicling their life journeys, experiences, and reflections.<br/>
650 ## - SUBJECT ADDED ENTRY--TOPICAL TERM
Topical term or geographic name as entry element Biography.
650 ## - SUBJECT ADDED ENTRY--TOPICAL TERM
Topical term or geographic name as entry element Memoirs.
650 ## - SUBJECT ADDED ENTRY--TOPICAL TERM
Topical term or geographic name as entry element Alumni stories.
700 ## - ADDED ENTRY--PERSONAL NAME
Personal name David, Dennis S.,
Relator term author.
700 ## - ADDED ENTRY--PERSONAL NAME
Personal name Denoga, Andy U.,
Relator term author.
700 ## - ADDED ENTRY--PERSONAL NAME
Personal name Dizon, Raymond,
Relator term author.
700 ## - ADDED ENTRY--PERSONAL NAME
Personal name Fernando, Manolo C.,
Relator term author.
700 ## - ADDED ENTRY--PERSONAL NAME
Personal name Lopa, Jose Manuel C.,
Relator term author.
700 ## - ADDED ENTRY--PERSONAL NAME
Personal name Rivera, Antonio L.,
Relator term author.
700 ## - ADDED ENTRY--PERSONAL NAME
Personal name Lopa-Macasaet, Rhona,
Relator term editor.
700 ## - ADDED ENTRY--PERSONAL NAME
Personal name Reyes, Paolo R.,
Relator term editor.
942 ## - ADDED ENTRY ELEMENTS (KOHA)
Source of classification or shelving scheme Library of Congress Classification
Koha item type Books
Holdings
Withdrawn status Lost status Source of classification or shelving scheme Damaged status Home library Current library Shelving location Date acquired Source of acquisition Sub Shelving location Total Checkouts Full call number Barcode Date last seen Price effective from Koha item type
    Library of Congress Classification   Luxembourg Library Luxembourg Library Filipiniana Section 02/06/2025 Donation     CT 788 .M57 O98 2024 21463 11/14/2025 11/14/2025 Books

Out of the blue :

APA

Cabochan J. V., David D. S., Denoga A. U., Dizon R., Fernando M. C., Lopa J. M. C., Rivera A. L., Lopa-Macasaet R. & Reyes P. R. (2024). Out of the blue. Muntinlupa: Chamber Shell Publishing Inc.

Chicago

Cabochan Jun Villacorta, David Dennis S, Denoga Andy U, Dizon Raymond, Fernando Manolo C, Lopa Jose Manuel C, Rivera Antonio L, Lopa-Macasaet Rhona and Reyes Paolo R. 2024. Out of the blue. Muntinlupa: Chamber Shell Publishing Inc.

Harvard

Cabochan J. V., David D. S., Denoga A. U., Dizon R., Fernando M. C., Lopa J. M. C., Rivera A. L., Lopa-Macasaet R. and Reyes P. R. (2024). Out of the blue. Muntinlupa: Chamber Shell Publishing Inc.

MLA

Cabochan Jun Villacorta, David Dennis S, Denoga Andy U, Dizon Raymond, Fernando Manolo C, Lopa Jose Manuel C, Rivera Antonio L, Lopa-Macasaet Rhona and Reyes Paolo R. Out of the blue. Muntinlupa: Chamber Shell Publishing Inc. 2024.

  • Place hold
  • Print
  • Cite
  • Add to your cart (remove)
  • Save record
    BIBTEX Dublin Core MARCXML MARC (non-Unicode/MARC-8) MARC (Unicode/UTF-8) MARC (Unicode/UTF-8, Standard) MODS (XML) RIS
  • More searches
    Search for this title in:
    Other Libraries (WorldCat) Other Databases (Google Scholar) Online Stores (Bookfinder.com) Open Library (openlibrary.org)

Exporting to Dublin Core...

SOUTHVILLE LIBRARY

Southville International School and Colleges Library

1281 Tropical Ave. Cor. Luxembourg St., BF Homes International, Las Pinas City

Tel. No. 8256374 / 252358 Loc. 117/146

Powered by Koha